000 00553nam a2200181Ia 4500
003 IN-BaIIA
008 211028s9999 xx 000 0 eng d
040 _cIIA Library
080 _a538.3
_bNOV
100 _aNovozhilov, Yu. U.
_917887
245 0 _aElectrodynamics
_cYu. U. Novozhilov and Yappa, Yu. A.
260 _aMoscow, MIR Publishers
_bNew Century Book House
_c1981
300 _a352p
650 _aElectrodynamics
_92319
650 _aNASA Thesaurus
700 _aYappa, Yu. A.
_917888
942 _cBK
999 _c10518
_d10518